[Event "118th ch-NZL 2011"]
[Site "Auckland NZL"]
[Date "2011.01.06"]
[Round "5.3"]
[White "Steadman,M"]
[Black "Krstev,A"]
[Result "0-1"]
[WhiteElo "2242"]
[BlackElo "2094"]

1.e4 e6 2.d4 d5 3.Nc3 Nf6 4.e5 Nfd7 5.Nf3 c5 6.dxc5 Nc6 7.Bf4 a6 8.Bd3 Bxc5
9.Qe2 b5 10.O-O Be7 11.a4 b4 12.Nd1 Bb7 13.Bg3 h5 14.h3 g5 15.Ne3 Qb6 16.c3 a5
17.Rfe1 Nc5 18.Bb5 bxc3 19.bxc3 Ne4 20.c4 Nxg3 21.fxg3 d4 22.Nd1 Bb4 23.Nxg5 d3+
24.Qf2 Qxf2+ 25.Nxf2 Bxe1 26.Rxe1 Rd8 27.Nfe4 d2 28.Rd1 O-O 29.Nd6 Ba8 30.Rxd2 Nxe5
31.c5 Bd5 32.Be2 f6 33.Nf3 Nd7 34.Rc2 Bb3 35.Rc3 Bxa4 36.Nb7 Rc8 37.Bc4 Rc7
38.Bxe6+ Kg7 39.Bxd7 Bxd7 40.Nxa5 Ra8 41.Nb3 Ra3 42.Nfd4 Ra6 43.c6 Bc8 44.Nc5 Ra1+
45.Kf2 Kf7 46.Ne4 Ba6 47.Rc5 Rf1+ 48.Ke3 Re7 49.Nf5 Re1+ 50.Kf3 Rf1+ 51.Ke3 Re5
52.Rxe5 fxe5 53.c7 Rc1 54.Ned6+ Ke6 55.c8=Q+ Bxc8 56.Nxc8 Kxf5 57.Nd6+ Ke6
58.Ne4 Re1+ 59.Kf3 Ra1 60.Ke3 Ra3+ 61.Ke2 Kd5 62.Nf6+ Kd4 63.Nxh5 Ra2+ 64.Kf3 e4+
65.Kg4 Rf2  0-1

[Event "23rd Staufer-Open"]
[Site "Leinzell GER"]
[Date "2011.01.06"]
[Round "9"]
[White "Metz,Ha"]
[Black "Poetsch,H"]
[Result "1/2-1/2"]
[WhiteElo "2293"]
[BlackElo "2408"]

1.e4 e6 2.d4 d5 3.Nc3 Nf6 4.e5 Nfd7 5.f4 c5 6.Nf3 Nc6 7.Be3 Be7 8.Be2 O-O
9.Qd2 b6 10.O-O f6 11.exf6 Nxf6 12.Bb5 Qc7 13.Bxc6 Qxc6 14.Ne5 Qc7 15.Rad1 Ba6
16.Rfe1 Rae8 17.a3 Nd7 18.dxc5 Nxe5 19.cxb6 Nf3+ 20.gxf3 axb6 21.Bd4 Bh4
22.Bf2 Bf6 23.Bd4 Bh4 24.Bf2 Bf6 25.Bd4 Bh4  1/2-1/2

[Event "TCh-NED Meesterklasse 2010-11"]
[Site "Netherlands NED"]
[Date "2011.01.08"]
[Round "5.5"]
[White "Nijboer,F"]
[Black "Tereick,B"]
[Result "1-0"]
[WhiteElo "2582"]
[BlackElo "2365"]

1.e4 e6 2.d4 d5 3.Nc3 Nf6 4.e5 Nfd7 5.f4 c5 6.Nf3 Nc6 7.Be3 Qb6 8.Na4 Qa5+
9.c3 c4 10.b4 Qc7 11.Be2 Ne7 12.Bf2 a5 13.a3 Nb8 14.O-O b6 15.Qb1 Bd7 16.Bd1 axb4
17.axb4 Nbc6 18.Bc2 h5 19.Bh4 Na7 20.Bg5 Nf5 21.Re1 g6 22.Bf6 Rh6 23.Bg5 Rh8
24.Re2 Be7 25.Bxe7 Kxe7 26.Qe1 h4 27.Nb2 Qd8 28.Bxf5 gxf5 29.Nd1 Nb5 30.Rea2 Rxa2
31.Rxa2 Qf8 32.Nxh4 Qh6 33.g3 Rg8 34.Kf2 f6 35.Ra6 fxe5 36.Qxe5 Nd6 37.Rxb6 Ne4+
38.Ke1 Qh5 39.Ne3 Kf7 40.Nexf5 exf5 41.Qxd5+  1-0

[Event "9th Parsvnath Open"]
[Site "New Delhi IND"]
[Date "2011.01.08"]
[Round "1.37"]
[White "Sangma,R"]
[Black "Gurpreet,S"]
[Result "1-0"]
[WhiteElo "2386"]
[BlackElo "2252"]

1.e4 e6 2.d4 d5 3.Nc3 Nf6 4.e5 Nfd7 5.f4 c5 6.Nf3 Nc6 7.Be3 cxd4 8.Nxd4 Bc5
9.Qd2 O-O 10.O-O-O a6 11.h4 Nxd4 12.Bxd4 b5 13.h5 Bxd4 14.Qxd4 Qb6 15.h6 g6
16.Qxb6 Nxb6 17.a3 Bd7 18.Ne2 a5 19.b3 b4 20.axb4 axb4 21.Kb2 Ra7 22.Rd4 Rb8
23.Nc1 Nc8 24.Nd3 Ne7 25.Rxb4 Rc8 26.Nc1 Nc6 27.Rb6 Kf8 28.Ba6 Rcc7 29.Ne2 Ke7
30.Ra1 f6 31.Bb5 Rxa1 32.Kxa1 fxe5 33.Bxc6 Bxc6 34.fxe5 d4 35.g3 Bd7 36.Nxd4 Rc5
37.Rb8 Rxe5 38.Rh8 Rh5 39.Rxh7+ Kd6 40.c4 e5 41.Nb5+ Ke6 42.Nc7+ Kd6 43.Nb5+ Ke6
44.Nc3 Bc6 45.b4 Bf3 46.b5 e4 47.Nd5 Rh1+ 48.Kb2 Be2 49.b6 Bxc4 50.b7 Bd3
51.Nf4+  1-0

[Event "10th Praha Open A"]
[Site "Prague CZE"]
[Date "2011.01.08"]
[Round "2"]
[White "Van Kerkhof,D"]
[Black "Mladenov,P"]
[Result "1/2-1/2"]
[WhiteElo "2235"]
[BlackElo "2396"]

1.e4 e6 2.d4 d5 3.Nc3 Nf6 4.e5 Nfd7 5.f4 c5 6.Nf3 Nc6 7.Be3 a6 8.Qd2 b5 9.dxc5 Bxc5
10.Bxc5 Nxc5 11.Qf2 Qb6 12.Bd3 b4 13.Ne2 a5 14.O-O Ba6 15.f5 Bxd3 16.cxd3 Na4
17.fxe6 Qxf2+ 18.Rxf2 fxe6 19.Ned4 Nxd4 20.Nxd4 Nc5 21.Rc2 Nxd3 22.Nxe6 Kf7
23.Nc7 Rac8 24.e6+ Ke7 25.Rd1 Nf4 26.g3 Ne2+ 27.Rxe2 Rxc7 28.Rxd5 Ra7 29.Rf5 Rf8
30.Rxf8 Kxf8 31.Kf2 Ke7 32.Kf3 Rc7 33.Kf4 Rc6 34.b3 Rxe6 35.Rxe6+ Kxe6 36.Ke4 g6
37.g4 g5 38.h3 h6 39.Kd4 Kd6 40.Ke4 Ke6 41.Kd4  1/2-1/2

[Event "118th ch-NZL 2011"]
[Site "Auckland NZL"]
[Date "2011.01.09"]
[Round "8.2"]
[White "Mc Laren,L"]
[Black "Krstev,A"]
[Result "0-1"]
[WhiteElo "2207"]
[BlackElo "2094"]

1.e4 e6 2.d4 d5 3.Nc3 Nf6 4.e5 Nfd7 5.f4 c5 6.Nf3 a6 7.Be3 Nc6 8.Qd2 cxd4
9.Nxd4 Bc5 10.Be2 Nxd4 11.Bxd4 b5 12.Bxc5 Nxc5 13.Qd4 Qb6 14.a4 bxa4 15.Nxa4 Nxa4
16.Rxa4 Qxd4 17.Rxd4 a5 18.Kd2 Ke7 19.Ra1 Bd7 20.f5 Rhb8 21.b3 Bc6 22.Rg4 Rg8
23.Rxg7 Rxg7 24.f6+ Kf8 25.fxg7+ Kxg7 26.Ke3 Kf8 27.Kd4 Ke7 28.Bd3 h6 29.g3 f6
30.Kc5 Be8 31.exf6+ Kxf6 32.Kd6 Rd8+ 33.Kc7 Rd7+ 34.Kb6 Rd6+ 35.Kc5 Rc6+
36.Kd4 Bf7 37.Rxa5 e5+ 38.Ke3 d4+ 39.Kd2 Be6 40.Ra8 Bd5 41.Rd8 Bg2 42.Rh8 Ke7
43.Rh7+ Kf8 44.Rh8+ Ke7 45.Bc4 e4 46.Rh7+ Kd8 47.Ra7 e3+ 48.Ke2 Rf6 49.Rf7 Bf3+
50.Ke1 Rxf7 51.Bxf7 Kc7 52.Bc4 Kb6 53.Be2 Be4 54.Kd1 Kc5 55.Kc1 Kb4 56.Kb2 Bg2
57.g4 Bh3 58.Kc1 Kc3 59.Bf3 Bg2 60.Be2 Be4 61.Bd1 Bxc2 62.b4 d3 63.Bxc2 dxc2
64.b5 e2  0-1

[Event "9th Parsvnath Open"]
[Site "New Delhi IND"]
[Date "2011.01.11"]
[Round "6"]
[White "Zherebukh,Y"]
[Black "Jaiswal,P"]
[Result "1-0"]
[WhiteElo "2565"]
[BlackElo "2266"]

1.e4 e6 2.d4 d5 3.Nc3 Nf6 4.e5 Nfd7 5.f4 c5 6.Nf3 Nc6 7.Be3 Qb6 8.Na4 Qa5+
9.c3 cxd4 10.b4 Nxb4 11.cxb4 Bxb4+ 12.Bd2 Bxd2+ 13.Nxd2 O-O 14.Bd3 b5 15.Nb2 Nb6
16.O-O Nc4 17.Nbxc4 bxc4 18.Bxh7+ Kxh7 19.Qh5+ Kg8 20.Nf3 g6 21.Qh6 Qc7 22.f5 exf5
23.Rae1 f6 24.exf6 Qh7 25.Qf4 Qf7 26.Re7 Qxf6 27.Rfe1 Rf7 28.Rxf7 Kxf7 29.Ng5+ Kg7
30.Qc7+ Kh6 31.Qh7+ Kxg5 32.g3  1-0

[Event "ch-BLR Men"]
[Site "Minsk BLR"]
[Date "2011.01.19"]
[Round "8.4"]
[White "Zhigalko,S"]
[Black "Podolchenko,E"]
[Result "1-0"]
[WhiteElo "2671"]
[BlackElo "2516"]

1.e4 e6 2.d4 d5 3.Nc3 Nf6 4.e5 Nfd7 5.f4 c5 6.Nf3 Nc6 7.Be3 Qb6 8.Na4 Qa5+
9.c3 cxd4 10.b4 Nxb4 11.cxb4 Bxb4+ 12.Bd2 Bxd2+ 13.Nxd2 b6 14.Bd3 Ba6 15.Nb2 Nc5
16.Bxa6 Qxa6 17.Qe2 Qa3 18.Qb5+ Ke7 19.O-O Qe3+ 20.Rf2 Rhc8 21.Rf1 g6 22.Nb3 Nxb3
23.Nd1 Qe4 24.axb3 Rc5 25.Qa6 Kf8 26.Rd2 Kg7 27.Qa4 Qb1 28.Rxd4 Rc1 29.g4 Qc2
30.Qb4 Rb1 31.f5 gxf5 32.gxf5 Kh8 33.Kh1 Qe2 34.Qe1 Qxe1 35.Rxe1 Rxb3 36.Ne3 a5
37.Ng4 Rc8 38.Nf6 Rh3 39.fxe6 Rc2 40.Rg4 Rcxh2+ 41.Kg1 Rh1+ 42.Kf2 R1h2+
43.Rg2 fxe6 44.Rg1  1-0

[Event "ch-AZE"]
[Site "Baku AZE"]
[Date "2011.01.21"]
[Round "1.1"]
[White "Abdulov,Or"]
[Black "Bagirov,R"]
[Result "0-1"]
[WhiteElo "2334"]
[BlackElo "2471"]

1.e4 e6 2.d4 d5 3.Nc3 Nf6 4.e5 Nfd7 5.f4 c5 6.Nf3 a6 7.Be3 Nc6 8.Qd2 b5 9.a3 cxd4
10.Nxd4 Bb7 11.Nxc6 Bxc6 12.Bd4 Rb8 13.Be2 a5 14.Qe3 b4 15.Nd1 bxa3 16.bxa3 Bb5
17.Bxb5 Rxb5 18.Nc3 Rb7 19.f5 Qh4+ 20.g3 Qh3 21.fxe6 fxe6 22.Ne2 Be7 23.Nf4 Qh6
24.Qc3 O-O 25.O-O Rfb8 26.Qxa5 Bd8 27.Qd2 Nb6 28.Qf2 Rf7 29.Rab1 Nd7 30.Qe2 Ra8
31.Rf3 g5 32.Ng2 Qh5 33.Rbb3 Ra4 34.Bb2 Re4 35.Qf1 Nxe5 36.Bxe5 Rxe5 37.g4 Rxf3
38.Qxf3 Qf7 39.Qc3 Re2 40.Qg3 Bc7 41.Qf3 Bb6+ 42.Kh1 Qxf3 43.Rxf3 Rxc2 44.Rf1 Ra2
45.Rb1 Rxa3 46.Rxb6 Ra1+ 47.Ne1 Rxe1+ 48.Kg2 Kg7 49.Rd6 Kg6 50.Rd8 Re4 51.h3 d4
52.Kf2 Kf6 53.Rd7 h6 54.Kf1 Ke5 55.Kf2 Rf4+ 56.Ke2 Ke4 57.Rd6 Rf6  0-1

[Event "3rd Chennai Open"]
[Site "Chennai IND"]
[Date "2011.01.21"]
[Round "6"]
[White "Abhishek,D"]
[Black "Arun Prasad,S"]
[Result "1/2-1/2"]
[WhiteElo "2349"]
[BlackElo "2513"]

1.e4 e6 2.d4 d5 3.Nc3 Nf6 4.e5 Nfd7 5.f4 c5 6.Nf3 Nc6 7.Be3 a6 8.Qd2 b5 9.dxc5 Bxc5
10.Bxc5 Nxc5 11.Bd3 Qb6 12.Qf2 b4 13.Ne2 a5 14.O-O Ba6 15.Rad1 g6 16.Ned4 Nxd4
17.Nxd4 Na4 18.Rb1 h5 19.Nb3 Qxf2+ 20.Kxf2 Kd7 21.Ke3 Rhc8 22.Nd4 Nc5 23.h3 a4
24.Ra1 a3 25.b3 Ne4 26.Rh1 Ng3 27.Rhc1 Rc3 28.Kd2 Ne4+ 29.Ke3 Ng3 30.Kd2 h4
31.Re1 Bxd3 32.cxd3 Nf5 33.Nc2 d4 34.Nxb4 Rac8 35.Re4 Ke7 36.Rg1 Kf8 37.Rge1 Ne3
38.Rxd4 Nc2 39.Rc1 Nxd4 40.Rxc3 Rxc3 41.Kxc3 Ne2+ 42.Kd2 Nxf4 43.Ke3 g5 44.Kf3 f5
45.d4 Ke7 46.Nc2 Nd5 47.Nxa3 Nb4 48.Nc4 Nxa2 49.Nd6 Nb4 50.g3 hxg3 51.Kxg3 Nc2
52.d5 Nd4 53.dxe6 Kxe6 54.Nc4 Nxb3 55.h4 g4 56.h5 Nd4 57.h6 Ne2+ 58.Kf2 Nf4
59.h7 Ng6 60.Kg3 Kd5 61.Ne3+ Kxe5 62.Nxg4+  1/2-1/2

[Event "B2 Masters"]
[Site "Marianske Lazne CZE"]
[Date "2011.01.21"]
[Round "8"]
[White "Havlikova,K"]
[Black "Szablowski,P"]
[Result "0-1"]
[WhiteElo "2297"]
[BlackElo "2340"]

1.e4 e6 2.d4 d5 3.Nc3 Nf6 4.e5 Nfd7 5.f4 c5 6.Nf3 Nc6 7.Be3 cxd4 8.Nxd4 Bc5
9.Qd2 O-O 10.O-O-O a6 11.Nb3 Be7 12.h4 b5 13.h5 b4 14.Na4 a5 15.Kb1 Rb8 16.Bd3 f6
17.exf6 Nxf6 18.Bc5 Bxc5 19.Nbxc5 e5 20.fxe5 Nxe5 21.Rde1 Nxd3 22.Qxd3 h6
23.b3 Qd6 24.Qg6 Bg4 25.Nd3 Rbe8 26.Ref1 Bc8 27.Nac5 Ne4 28.Qxd6 Nxd6 29.Rxf8+ Rxf8
30.Kb2 Ne4 31.a3 bxa3+ 32.Kxa3 Nxc5 33.Nxc5 Rf2 34.Rd1 Rxc2 35.Rxd5 Bg4 36.g3 Rg2
37.Nb7 Rxg3 38.Nxa5 Rh3 39.Ka4 Bxh5 40.b4 Rh1 41.b5 Bf3 42.Rd3 Be4 43.Re3 Ra1+
44.Kb4 Bg2 45.b6 h5 46.Rb3 h4 47.b7 Bxb7 48.Nxb7 Rh1 49.Nd6 h3 50.Nc4 h2
51.Rb2 g5 52.Kc5 Kg7 53.Rc2 Kh6 54.Ne5 Kh5 55.Nf3 Kg4 56.Ne5+ Kf4 57.Ng6+ Ke4
58.Rc4+ Kf5 59.Ne7+ Ke6  0-1

[Event "ch-CRO"]
[Site "Marija Bistrica CRO"]
[Date "2011.01.22"]
[Round "6.4"]
[White "Saric,Iv"]
[Black "Martinovic,Sa"]
[Result "1/2-1/2"]
[WhiteElo "2609"]
[BlackElo "2511"]

1.e4 e6 2.d4 d5 3.Nc3 Nf6 4.e5 Nfd7 5.f4 c5 6.Nf3 Nc6 7.Be3 Be7 8.Be2 O-O
9.O-O b6 10.Kh1 Bb7 11.Qe1 f6 12.exf6 Nxf6 13.Rd1 Qc7 14.Qh4 Rae8 15.Qh3 Bc8
16.Ne5 Nxd4 17.Bxd4 cxd4 18.Nb5 Qxc2 19.Bd3 Qxb2 20.Nxa7 Bc5 21.Nxc8 g6 22.Rb1 Qxa2
23.Nxb6 Qa7 24.Qh6 Bxb6 25.Nxg6 hxg6 26.Qxg6+ Qg7 27.Qxg7+ Kxg7 28.Rxb6 Ne4
29.Kg1 Nc5 30.Bb1 Rb8 31.Rc6 Rfc8 32.Rxc8 Rxc8 33.Rc1 Rb8 34.Kf1 d3 35.Rd1 Rb3
36.Kf2 Ne4+ 37.Ke3 Nc3 38.Rxd3 d4+ 39.Kxd4 Nb5+ 40.Ke5 Rxb1 41.Kxe6 Re1+
42.Kf5 Re7 43.h4 Nc7 44.g3 Rf7+ 45.Kg4 Ne8 46.Kf3 Ra7 47.g4 Ra1 48.g5 Kg6
49.Kg4 Rg1+ 50.Rg3 Rxg3+ 51.Kxg3 Kh5 52.f5 Ng7 53.Kf4 Kxh4 54.Ke5 Kxg5 55.f6 Kg6
56.fxg7 Kxg7  1/2-1/2

[Event "ch-CRO"]
[Site "Marija Bistrica CRO"]
[Date "2011.01.23"]
[Round "7.6"]
[White "Brkic,A"]
[Black "Dizdar,G"]
[Result "1-0"]
[WhiteElo "2564"]
[BlackElo "2544"]

1.e4 e6 2.d4 d5 3.Nc3 Nf6 4.e5 Nfd7 5.f4 c5 6.Nf3 Nc6 7.Be3 Be7 8.Be2 a6
9.Qd2 b5 10.a3 O-O 11.O-O Bb7 12.Nd1 cxd4 13.Nxd4 Rc8 14.Nf2 Nxd4 15.Bxd4 Nb8
16.c3 Nc6 17.Ng4 Nxd4 18.cxd4 b4 19.axb4 Qb6 20.b5 axb5 21.f5 exf5 22.Rxf5 Rc6
23.Ne3 Re6 24.Raf1 g6 25.R5f3 f6 26.Ng4 f5 27.Ne3 Bg5 28.g4 f4 29.Kh1 Bh6
30.Ng2 g5 31.h4 Qd8 32.Bd3 Bc8 33.Bf5 Rb6 34.Qc2 Bd7 35.hxg5 Bxg5 36.Nxf4 Bxf4
37.Rxf4 Rh6+ 38.Kg1 Qh4 39.Qg2 Qg5 40.Bxh7+ Kxh7 41.Rxf8  1-0

[Event "ch-AZE"]
[Site "Baku AZE"]
[Date "2011.01.25"]
[Round "5.1"]
[White "Mamedov,Nid"]
[Black "Bagirov,R"]
[Result "1-0"]
[WhiteElo "2580"]
[BlackElo "2471"]

1.e4 e6 2.d4 d5 3.Nc3 Nf6 4.e5 Nfd7 5.f4 c5 6.Nf3 Nc6 7.Be3 cxd4 8.Nxd4 Bc5
9.Qd2 O-O 10.O-O-O a6 11.h4 Nxd4 12.Bxd4 b5 13.Bxc5 Nxc5 14.Qd4 Qb6 15.a3 Rb8
16.Rh3 b4 17.axb4 Qxb4 18.Na2 Qb6 19.b4 Ne4 20.Qxb6 Rxb6 21.Rf3 f6 22.exf6 gxf6
23.f5 Kg7 24.fxe6 Bxe6 25.Ra3 Nd6 26.Nc3 Nb5 27.Bxb5 axb5 28.Nxd5 Rc6 29.Ra7+ Kh6
30.Ne7 Rc4 31.Rd6 Bg4 32.Nd5 Rd4 33.c3 Rd3 34.Rc7 Rd1+ 35.Kc2 Rf1 36.Ne3 Rf4
37.g3 Re4 38.Kd3 Bf3 39.Rdd7 Rh8 40.Nf5+ Kh5 41.Nd4 Rhe8 42.Rxh7+ Kg4 43.Rhg7+ Kh3
44.Nxf3 Re3+ 45.Kc2 Rxf3 46.Rc5 Rb8 47.h5 Rxg3 48.h6 Rxg7 49.hxg7 Rg8 50.Rf5 Rxg7
51.Rxf6  1-0

[Event "ch-CRO"]
[Site "Marija Bistrica CRO"]
[Date "2011.01.26"]
[Round "10.2"]
[White "Saric,Iv"]
[Black "Dizdar,G"]
[Result "1/2-1/2"]
[WhiteElo "2609"]
[BlackElo "2544"]

1.e4 e6 2.d4 d5 3.Nc3 Nf6 4.e5 Nfd7 5.f4 c5 6.Nf3 Nc6 7.Be3 Be7 8.Qd2 O-O
9.dxc5 Bxc5 10.O-O-O Qa5 11.a3 Rb8 12.Bxc5 Qxc5 13.Bd3 f6 14.Qe2 fxe5 15.fxe5 Qe7
16.h4 Nc5 17.Ng5 h6 18.Bh7+ Kh8 19.Bg6 Nd7 20.Nf3 b5 21.Nxb5 Ba6 22.c4 Rxf3
23.gxf3 Ncxe5 24.Bc2 Nxc4 25.Rxd5 Nf6 26.Rd4 Bxb5 27.Rxc4 Qb7 28.Bd3 Bxc4
29.Bxc4 Nd5 30.Bxd5 Qxd5  1/2-1/2

[Event "Oceania Zonal"]
[Site "Rotorua NZL"]
[Date "2011.01.28"]
[Round "5.12"]
[White "Dordevic,Ivan"]
[Black "Steadman,M"]
[Result "1-0"]
[WhiteElo "2019"]
[BlackElo "2242"]

1.e4 e6 2.d4 d5 3.Nc3 Nf6 4.e5 Nfd7 5.f4 c5 6.Nf3 Nc6 7.Be3 Be7 8.Qd2 O-O
9.O-O-O c4 10.f5 b5 11.f6 gxf6 12.Bh6 fxe5 13.dxe5 Ndxe5 14.Nxb5 Re8 15.h4 Ng4
16.Rh3 f5 17.Nbd4 Nxd4 18.Nxd4 Bf6 19.Be2 Kh8 20.Bg5 Ne5 21.Re3 Bxg5 22.hxg5 Ng6
23.Rh1 e5 24.Reh3 Nf8 25.Bh5 f4 26.Rh4 Bb7 27.Bxe8 Qxe8 28.Nf3 d4 29.Re1 Bxf3
30.gxf3 Ng6 31.Rh5 Rc8 32.Qa5 Qd7 33.Reh1 Rc7 34.Rh6 Kg8 35.Rxg6+ hxg6 36.Qxe5 Qe7
37.Qh8+  1-0

[Event "Oceania Zonal"]
[Site "Rotorua NZL"]
[Date "2011.01.28"]
[Round "6.18"]
[White "Fuatai,F"]
[Black "Marcos,J"]
[Result "1-0"]
[WhiteElo "2015"]
[BlackElo "2095"]

1.e4 e6 2.d4 d5 3.Nc3 Nf6 4.e5 Nfd7 5.f4 c5 6.Nf3 Nc6 7.Be3 a6 8.Qd2 b5 9.g3 Bb7
10.Bh3 g6 11.O-O cxd4 12.Nxd4 Nxd4 13.Bxd4 Bc5 14.Ne2 Qb6 15.c3 a5 16.Qe3 b4
17.Rac1 Ba6 18.Rf2 Bxe2 19.Rxe2 O-O 20.g4 Rfc8 21.Rd1 bxc3 22.bxc3 Bxd4 23.cxd4 Rc4
24.f5 Kg7 25.f6+ Kh8 26.Bf1 Rb4 27.Rd3 Rg8 28.Rc2 a4 29.Rc8 Nxf6 30.exf6 e5
31.Rxg8+ Kxg8 32.Qxe5 Qe6 33.Qxe6 fxe6 34.Be2 g5 35.Kf2 Kf7 36.Ke3 Rb2 37.Ra3 Rb4
38.Bd1 Kxf6 39.Rxa4 Rb1 40.Kd2 Rb6 41.Ra8 e5 42.dxe5+ Kxe5 43.a4 Rh6 44.a5 Rxh2+
45.Be2 h5 46.gxh5 g4 47.a6  1-0

[Event "ch-AZE"]
[Site "Baku AZE"]
[Date "2011.01.29"]
[Round "9.1"]
[White "Bajarani,U"]
[Black "Bagirov,R"]
[Result "1-0"]
[WhiteElo "2393"]
[BlackElo "2471"]

1.e4 e6 2.d4 d5 3.Nc3 Nf6 4.e5 Nfd7 5.f4 c5 6.Nf3 Nc6 7.Be3 cxd4 8.Nxd4 Bc5
9.Qd2 O-O 10.Be2 a6 11.O-O Nxd4 12.Bxd4 Qb6 13.Bxc5 Qxc5+ 14.Kh1 b5 15.Bf3 a5
16.Ne2 b4 17.Nd4 Qb6 18.Rfe1 Nc5 19.Qe3 Na4 20.Rab1 Bd7 21.f5 exf5 22.Bxd5 Rad8
23.c4 Rfe8 24.Rbc1 Nc5 25.Rcd1 a4 26.Qf3 g6 27.g4 Ne6 28.Nxf5 gxf5 29.gxf5 Ng5
30.Qh5 Bxf5 31.Qxg5+ Bg6 32.e6 Kg7 33.exf7 Rf8 34.Rf1 Qd6 35.c5 h6 36.Qe3 Qa6
37.Qe5+ Kh7 38.c6 Rxd5 39.Qxd5 Qe2 40.Rf4 Qxb2 41.Rg1 h5 42.h4 Qc2 43.c7 Qxc7
44.Rxg6 Qc1+ 45.Rg1 Qxf4 46.Qxh5+ Qh6 47.Qf5+ Kh8 48.Qe5+ Kh7 49.Qe4+ Kh8
50.Rg6 Qc1+ 51.Kg2 Qd2+ 52.Kg3 Qc3+ 53.Kg4 Qc8+ 54.Kh5 Qc5+ 55.Rg5 Qd6 56.Qg6  1-0

[Event "TCh-CAT Div Hon"]
[Site "Barcelona ESP"]
[Date "2011.01.29"]
[Round "1"]
[White "Castellet Giralt,G"]
[Black "Almeida Toledano,D"]
[Result "0-1"]
[WhiteElo "2203"]
[BlackElo "2335"]

1.e4 e6 2.d4 d5 3.Nc3 Nf6 4.e5 Nfd7 5.f4 c5 6.Nf3 Nc6 7.Be3 cxd4 8.Nxd4 Bc5
9.Qd2 O-O 10.O-O-O a6 11.Qf2 Nxd4 12.Bxd4 b6 13.Kb1 Bb7 14.Be2 Rc8 15.Rhf1 Qc7
16.Bd3 Bxd4 17.Qxd4 b5 18.Rde1 Nc5 19.f5 exf5 20.Bxf5 Rcd8 21.Ne2 Bc8 22.Bxc8 Qxc8
23.Ng3 Ne6 24.Qh4 Qc4 25.Nf5 Qxh4 26.Nxh4 d4 27.Rd1 Rd5 28.Rfe1 Rfd8 29.Nf3 b4
30.Re2 Kf8 31.Ne1 Nc5 32.Nd3 Nxd3 33.cxd3 Rc8 34.Rc1 Rxc1+ 35.Kxc1 Ke7 36.Kc2 a5
37.Kb3 Ke6 38.Ka4 Rc5 39.g3 h5 40.Kb3 Rxe5 41.Rf2 h4 42.Rf4 hxg3 43.hxg3 Re3
44.Rg4 Rxd3+ 45.Kc2 Rf3 46.Rxg7 d3+ 47.Kd2 Rf2+ 48.Kc1 Rc2+ 49.Kb1 Rc5  0-1

[Event "33rd Bulgarian Open"]
[Site "Plovdiv BUL"]
[Date "2011.02.01"]
[Round "4.6"]
[White "Filev,G"]
[Black "Antic,De"]
[Result "1-0"]
[WhiteElo "2367"]
[BlackElo "2495"]

1.e4 e6 2.d4 d5 3.Nc3 Nf6 4.e5 Nfd7 5.f4 c5 6.Nf3 Nc6 7.Be3 Be7 8.Qd2 O-O
9.Be2 b6 10.O-O f6 11.dxc5 Nxc5 12.exf6 Bxf6 13.Nd4 Bd7 14.Rae1 Nxd4 15.Bxd4 Bxd4+
16.Qxd4 Qf6 17.Qxf6 Rxf6 18.Bg4 Rc8 19.Rf2 a5 20.g3 b5 21.f5 exf5 22.Nxd5 fxg4
23.Ne7+ Kf7 24.Nxc8 Bxc8 25.Re5 Ne6 26.Rxb5 Nd4 27.Rxf6+ Kxf6 28.Rxa5 g5
29.Rc5 Bb7 30.a4 h5 31.a5 h4 32.b4 h3 33.b5 Be4 34.a6 Nf3+ 35.Kf2 Nxh2 36.Rc6+  1-0

[Event "ch-TUR"]
[Site "Kemer-Antalya TUR"]
[Date "2011.02.05"]
[Round "1"]
[White "Erke,M"]
[Black "Dogan,A"]
[Result "0-1"]
[WhiteElo "1889"]
[BlackElo "2099"]

1.e4 e6 2.d4 d5 3.Nc3 Nf6 4.e5 Nfd7 5.Nce2 c5 6.c3 Nc6 7.f4 Be7 8.Nf3 f6
9.h4 O-O 10.h5 b5 11.f5 fxe5 12.fxe6 Nb6 13.dxe5 Bxe6 14.Nf4 Bg4 15.Be2 Rf5
16.e6 Qd6 17.g3 Ne5 18.Nh4 Bxh4 19.Rxh4 Bxe2 20.Qxe2 Nec4 21.Kf2 d4 22.Qe4 Re5
23.Qb7 Qf8 24.Kg2 d3 25.Nxd3 Re2+ 26.Kg1 Rxe6 27.Bf4 Rd8 28.Nf2 Rd7 29.Qf3 Nxb2
30.Ne4 Qf5 31.Re1 Rde7 32.g4 Qd5 33.Bc1 Rxe4 34.Rxe4 Rxe4 35.Bxb2 Qe5 36.c4 Qe7
37.Rh2 Nxc4 38.h6 Re1+ 39.Kf2 Nxb2 40.hxg7 Nd1+ 41.Kg3 Qe5+ 42.Kg2 Qe2+ 43.Kg3 Rg1+
44.Kf4 Qxh2+ 45.Kg5 Qe5+ 46.Kh4 Qe7+  0-1

[Event "ch-TUR"]
[Site "Kemer-Antalya TUR"]
[Date "2011.02.06"]
[Round "3.12"]
[White "Aktas,I"]
[Black "Korkmaz,N"]
[Result "0-1"]
[WhiteElo "1986"]
[BlackElo "2186"]

1.e4 e6 2.d4 d5 3.Nc3 Nf6 4.e5 Nfd7 5.f4 c5 6.Nf3 Nc6 7.Be3 Qb6 8.Na4 Qa5+
9.c3 cxd4 10.b4 Qc7 11.Nxd4 a6 12.a3 b5 13.Nb2 Nb6 14.Bd3 Nxd4 15.Bxd4 Nc4
16.Qc2 Be7 17.O-O g6 18.a4 Bd7 19.a5 O-O 20.Nd1 Bc6 21.Qe2 Rae8 22.Qg4 f5
23.Qe2 Rf7 24.Nf2 Rg7 25.g4 Kf7 26.Kh1 Reg8 27.Ra2 Ke8 28.Rg1 Bd8 29.Qf3 Qf7
30.Rg3 Kd7 31.Rh3 g5 32.gxf5 g4 33.fxe6+ Qxe6 34.f5 Qe8 35.e6+ Kc8 36.Nxg4 Rxg4
37.Rg3 Ne5 38.Qe3 Rxg3 39.hxg3 Qh5+ 40.Kg2 Ng4 41.Qg1 Nf6 42.Qh2 Qd1 43.Bxf6 d4+
44.Kf2 Bxf6 45.Be2 Qb1  0-1

[Event "ch-TUR"]
[Site "Kemer-Antalya TUR"]
[Date "2011.02.08"]
[Round "5"]
[White "Emiroglu,C"]
[Black "Aydin,I"]
[Result "1/2-1/2"]
[WhiteElo "2176"]
[BlackElo "1870"]

1.e4 e6 2.d4 d5 3.Nc3 Nf6 4.e5 Nfd7 5.f4 c5 6.Nf3 Nc6 7.Be3 a6 8.Qd2 Be7
9.Be2 b5 10.a3 Qb6 11.O-O cxd4 12.Nxd4 Bc5 13.Rad1 Bb7 14.Bf2 Nxd4 15.Bxd4 Bxd4+
16.Qxd4 Qxd4+ 17.Rxd4 g5 18.g3 h5 19.a4 bxa4 20.Nxa4 Rc8 21.Nc3 h4 22.Ra1 hxg3
23.hxg3 gxf4 24.gxf4 Ke7 25.Kf2 Rcg8 26.Ke3 Rg2 27.Kd2 Rh4 28.Ke3 Rh3+ 29.Kd2 Rh4
30.Ke3 Rh3+ 31.Kd2 Nb6 32.Re1 a5 33.Kc1 Re3 34.Rd3 Rxd3 35.Bxd3 Rf2 36.Rf1 Rxf1+
37.Bxf1 d4 38.Nb1 f6 39.Nd2 Bd5 40.Bb5 fxe5 41.fxe5 Kf7 42.c4 dxc3 43.bxc3 Kg6
44.c4 Bb7 45.c5 Nd5 46.Nc4 Nc7 47.Bd7 Bd5 48.Ne3 Bf3 49.Kc2 Kg5 50.Kc3 Kf4
51.Kd4 Be2 52.Ng2+ Kf5 53.Ne3+  1/2-1/2

[Event "V Tancat IM"]
[Site "Sabadell ESP"]
[Date "2011.02.11"]
[Round "2"]
[White "Perpinya Rofes,L"]
[Black "Cruz,F"]
[Result "0-1"]
[WhiteElo "2368"]
[BlackElo "2412"]

1.e4 e6 2.d4 d5 3.Nc3 Nf6 4.e5 Nfd7 5.Nf3 c5 6.dxc5 Nc6 7.Bf4 Nxc5 8.a3 Be7
9.h4 a6 10.h5 h6 11.Bd3 b5 12.Ne2 Bd7 13.Ned4 Ne4 14.Nxc6 Bxc6 15.Nd4 Qb6
16.c3 Bb7 17.Qg4 Bf8 18.O-O Nc5 19.Bc2 Bc8 20.Be3 Qc7 21.f4 Bd7 22.f5 O-O-O
23.fxe6 fxe6 24.Rf7 Na4 25.Nxe6 Qxe5 26.Qf3 Qxe6 27.c4 Qxe3+ 28.Qxe3 Bc5
29.Qxc5+ Nxc5 30.cxd5 Kb8 31.Rxg7 Bc8 32.b4 Na4 33.Bb3 Rhg8 34.Rh7 Nc3 35.Rxh6 Bb7
36.Rg6 Rxg6 37.hxg6 Rg8 38.Re1 Rxg6 39.Re8+ Kc7 40.Re7+ Kc8 41.Re8+ Kd7 42.Re3  0-1

[Event "IV Open A"]
[Site "Gora Swietej Anny POL"]
[Date "2011.02.12"]
[Round "1.22"]
[White "Jastrzebski,Konrad"]
[Black "Parol,P"]
[Result "0-1"]
[WhiteElo "1458"]
[BlackElo "1860"]

1.e4 e6 2.d4 d5 3.Nc3 Nf6 4.e5 Nfd7 5.Nce2 c5 6.c3 Nc6 7.Nf3 f6 8.exf6 Nxf6
9.g3 Bd6 10.Bg2 O-O 11.O-O Qb6 12.Qc2 Bd7 13.Be3 cxd4 14.Nexd4 Nxd4 15.Bxd4 Qc7
16.Rfe1 Ne4 17.Nd2 Nc5 18.f4 Rac8 19.Nf3 Ne4 20.Kh1 Bc5 21.Be5 Qb6 22.Bh3 Bb5
23.Kg2 a5 24.a4 Be8 25.Nd2 Bg6 26.Qc1 Nf2 27.Re2 Bd3 28.Re1 Bg6 29.Re2 Bh5
30.Nf3 Nxh3 31.Kxh3 Bxf3  0-1

[Event "ch-TUR"]
[Site "Kemer-Antalya TUR"]
[Date "2011.02.12"]
[Round "9.6"]
[White "Firat,B"]
[Black "Isik,E"]
[Result "1-0"]
[WhiteElo "2392"]
[BlackElo "2191"]

1.e4 e6 2.d4 d5 3.Nc3 Nf6 4.e5 Nfd7 5.f4 c5 6.Nf3 Nc6 7.Be3 cxd4 8.Nxd4 Qb6
9.Qd2 Qxb2 10.Rb1 Qa3 11.Bb5 Nxd4 12.Bxd4 Bb4 13.O-O a6 14.Rb3 Qa5 15.Rfb1 Be7
16.Bxd7+ Bxd7 17.Rxb7 Bc8 18.Rxe7+ Kxe7 19.Bb6 Qa3 20.Rb3 Qxb3 21.axb3 Bb7
22.Ne4 a5 23.Bxa5 Bc6 24.Qb4+ Ke8 25.Nf6+  1-0

[Event "TCh-NED"]
[Site "Netherlands NED"]
[Date "2011.02.12"]
[Round "6.6"]
[White "Feygin,M"]
[Black "Braun,Christi2"]
[Result "0-1"]
[WhiteElo "2526"]
[BlackElo "2373"]

1.e4 e6 2.d4 d5 3.Nc3 Nf6 4.e5 Nfd7 5.f4 c5 6.Nf3 Nc6 7.Be3 cxd4 8.Nxd4 Bc5
9.Qd2 Nxd4 10.Bxd4 Bxd4 11.Qxd4 Qb6 12.O-O-O Qxd4 13.Rxd4 O-O 14.g3 a6 15.Be2 Nb8
16.Rd2 Nc6 17.Na4 b5 18.Nc5 Ra7 19.c3 Rc7 20.b4 Nb8 21.Kc2 Nd7 22.Nb3 Nb6
23.Nc5 Nd7 24.Nxd7 Bxd7 25.Rb1 Rfc8 26.Rb3 h6 27.Ra3 Rc6 28.Kb2 Kf8 29.Rc2 Ke7
30.Ra5 g5 31.a4 d4 32.axb5 Rxc3 33.Rxc3 dxc3+ 34.Kc2 axb5 35.Ra7 Ke8 36.Ra3 Ke7
37.Ra7 Ke8 38.Ra3 Ke7 39.fxg5 hxg5 40.h3 f5 41.Ra7 Kd8 42.h4 gxh4 43.gxh4 Bc6
44.Bd3 Be8 45.Rh7 Ra8 46.Rh8 Ra2+ 47.Kxc3 Ra3+ 48.Kc2 Ke7 49.Rh7+ Kf8 50.h5 Ra2+
51.Kc3 Rh2 52.Rh8+ Ke7 53.Rh7+ Kf8 54.h6 Rh4 55.Rh8+ Ke7 56.Rh7+ Kf8 57.Rh8+ Ke7
58.h7 Kf7 59.Kd2 Ke7 60.Be2 Rh6 61.Ke3 Rh4 62.Bd3 Bd7 63.Kf2 Be8 64.Kg3 Rh6
65.Kf4 Rh4+ 66.Kg3 Rh6 67.Be2 Rg6+ 68.Kh4 Rh6+ 69.Kg5 Rg6+ 70.Kf4 Rh6 71.Bf3 Rh3
72.Kg5 Bf7 73.Rb8 Rxh7 74.Rb7+ Kf8 75.Rxb5 Rh3 76.Bc6 Rc3 77.Rb6 Kg7 78.Kf4 Bh5
79.Bd7 Rc4+ 80.Kg3 f4+ 81.Kh4 f3+ 82.Kxh5 f2 83.Rxe6 f1=Q 84.Re7+ Kf8 85.Re8+ Kf7
86.e6+ Kg7  0-1

[Event "ch-ROU Men"]
[Site "Sarata Monteoru ROU"]
[Date "2011.02.12"]
[Round "1.20"]
[White "Doros,R"]
[Black "Sandulescu,G"]
[Result "1/2-1/2"]
[WhiteElo "2348"]
[BlackElo "1873"]

1.e4 e6 2.d4 d5 3.Nc3 Nf6 4.e5 Nfd7 5.Nce2 c5 6.c3 Nc6 7.f4 Qa5 8.Nf3 cxd4
9.Nfxd4 Nxd4 10.Nxd4 a6 11.Be2 Be7 12.O-O O-O 13.Be3 Qd8 14.a4 Bc5 15.b4 Ba7
16.a5 Nb8 17.Qd2 Bd7 18.Nb3 Bxe3+ 19.Qxe3 Bc6 20.Nd4 Be8 21.f5 exf5 22.Nxf5 Nc6
23.Rad1 Ne7 24.Nd6 Qc7 25.c4 Bc6 26.b5 axb5 27.cxb5 Bd7 28.b6 Qb8 29.Qg5 Nc6
30.Rxd5 Be6 31.Nf5 Bxf5 32.Rxf5 Rxa5 33.Rxa5 Nxa5 34.e6 f6 35.Qf4 Nc6 36.Qxb8 Rxb8
37.Rd5 Re8 38.Rd6 Kf8 39.Bb5 Rd8 40.Rd7 Rxd7 41.exd7 Nd8 42.Kf2 Ke7 43.Ke3 Kd6
44.h4 Kc5 45.Bd3 g6 46.h5 f5 47.g4 Kxb6 48.gxf5 gxh5 49.Kf4 Kc7 50.Kg5 Kxd7
51.Kxh5 Nf7 52.f6  1/2-1/2